| 000 | 00983nam a22002897a 4500 | ||
|---|---|---|---|
| 001 | 8618 | ||
| 003 | FISKH | ||
| 005 | 20251009144925.0 | ||
| 008 | 251006b cb ||||| |||| 00| 0 eng d | ||
| 020 | _a9780516422978 | ||
| 040 |
_aFISKH _beng _cFISKH _dFISKH |
||
| 050 | _aND237.O5 V46 | ||
| 082 | _a759.13 | ||
| 100 |
_aVenezia, Mike _eAuthor |
||
| 245 |
_aGeorgia O'Keeffe : _bGetting to know the world's greatest artists _cWritten and illustrated by Mike Venezia |
||
| 260 |
_aDanbury : _bChildren's press , _c1993 |
||
| 300 |
_a31 pages : _bcolor illustrations ; _c25 cm. |
||
| 505 | _aR | ||
| 520 | _aBriefly examines the life and work of the twentieth-century American artist known for her paintings of flowers and presents examples of her art. | ||
| 521 | 8 |
_a870
_bLexile |
|
| 521 | 8 |
_aR
_bRaz-Plus |
|
| 650 |
_aArt and music _vArtist |
||
| 650 |
_aO'Keeffe _vCreative arts |
||
| 700 |
_aVenezia, Mike _eIllustrator |
||
| 942 |
_2ddc _cBK _n0 |
||
| 999 |
_c8618 _d8618 |
||